Kiến trúc cơ sở phục vụ thiết kế nội ngoại thất
Nội dung giới thiệu những khái niệm chung về kiến trúc ( phần trọng tâm ), nhà ở ( phục vụ thiết kế nội thất ), nhà công cộng ( phục vụ thiết kế nội thất ), tổ chức không gian mở ở đô thị ( phục vụ thiết kế nội thất )....
Saved in:
| Main Author: | |
|---|---|
| Format: | Book |
| Language: | Vietnamese |
| Published: |
H.
Xây dựng
2015
|
| Edition: | Tái bản |
| Subjects: | |
| Tags: |
Add Tag
No Tags, Be the first to tag this record!
|
| Institutions: | Thư viện Trường Đại học Nam Cần Thơ |
|---|
| LEADER | 01587nam a22002297a 4500 | ||
|---|---|---|---|
| 001 | NCT_16322 | ||
| 008 | 171014b xxu||||| |||| 00| 0 vie d | ||
| 999 | |c 774 |d 774 | ||
| 082 | 1 | 4 | |2 23rd ed. |a 729 |b Th304 |
| 100 | 1 | |a Nguyễn Đức Thiềm | |
| 245 | 1 | 0 | |a Kiến trúc cơ sở phục vụ thiết kế nội ngoại thất |c Nguyễn Đức Thiềm |
| 250 | |a Tái bản | ||
| 260 | |a H. |b Xây dựng |c 2015 | ||
| 520 | 3 | |a Nội dung giới thiệu những khái niệm chung về kiến trúc ( phần trọng tâm ), nhà ở ( phục vụ thiết kế nội thất ), nhà công cộng ( phục vụ thiết kế nội thất ), tổ chức không gian mở ở đô thị ( phục vụ thiết kế nội thất ). | |
| 653 | |a Kiến trúc | ||
| 655 | |a Kiến trúc | ||
| 942 | |2 ddc |c BK | ||
| 952 | |0 0 |1 0 |2 ddc |4 0 |6 729_000000000000000_TH304 |7 0 |9 2453 |a 000001 |b 000001 |d 2017-11-03 |o 729 Th304 |p MD.08840 |r 2017-11-03 |v 126000.00 |w 2017-11-03 |y BK | ||
| 952 | |0 0 |1 0 |2 ddc |4 0 |6 729_000000000000000_TH304 |7 0 |9 2454 |a 000001 |b 000001 |d 2017-11-03 |o 729 Th304 |p MD.08841 |r 2017-11-03 |v 126000.00 |w 2017-11-03 |y BK | ||
| 952 | |0 0 |1 0 |2 ddc |4 0 |6 729_000000000000000_TH304 |7 0 |9 2455 |a 000001 |b 000001 |d 2017-11-03 |l 2 |m 1 |o 729 Th304 |p MD.08842 |r 2021-03-27 |s 2021-02-26 |v 126000.00 |w 2017-11-03 |y BK | ||
| 952 | |0 0 |1 0 |2 ddc |4 0 |6 729_000000000000000_TH304 |7 0 |9 2456 |a 000001 |b 000001 |d 2017-11-03 |l 1 |o 729 Th304 |p MD.08843 |r 2021-02-26 |s 2021-01-30 |v 126000.00 |w 2017-11-03 |y BK | ||
| 980 | |a Thư viện Trường Đại học Nam Cần Thơ | ||